Countries that border Peru - Statistics

General Stats
  • This quiz has been taken 97 times
  • The average score is 5 of 5
Answer Stats
Answer % Correct
Brazil
100%
Chile
95%
Colombia
95%
Ecuador
94%
Bolivia
89%
No matching quizzes found
Score Distribution
Percent of People with Each Score
Percentile by Number Answered
Your Score History
You have not taken this quiz